Normal view
MARC view
Entry Término temático
001 - NÚMERO DE CONTROL
- campo de control: 44241
003 - IDENTIFICADOR DEL NÚMERO DE CONTROL
- campo de control: OSt
005 - FECHA Y HORA DE LA ÚLTIMA TRANSACCIÓN
- campo de control: 20200210164848.0
008 - DATOS DE LONGITUD FIJA
- campo de control de longitud fija: 200210|| aca||aabn | a|a d
040 ## - FUENTE DE LA CATALOGACIÓN
- Centro catalogador/agencia de origen: OSt
- Centro/agencia transcriptor: OSt
150 ## - ENCABEZAMIENTO--TÉRMINO DE MATERIA
- Término de materia o nombre geográfico como elemento de entrada: Cusco Perú
670 ## - FUENTE DE DATOS ENCONTRADOS
- Cita de la fuente: Work cat.: (OSt): Condori Pauccara, José 25231, Fonología del Quechua de las provincias altas Cusco /, 2017.